Nová európska stratégia a úloha regionálnych a mestských orgánov na zvyšovaní konkurencieschopnosti regiónov a miest diplomová práca

Guardado en:
Detalles Bibliográficos
Autor principal: Totkovičová, Diana
Autor Corporativo: Obchodná fakulta EU. Katedra medzinárodného obchodu
Otros Autores: Rosenberg, Miloslav
Formato: Libro
Lenguaje:eslovaco
Publicado: Bratislava 2011
Etiquetas: Agregar Etiqueta
Sin Etiquetas, Sea el primero en etiquetar este registro!

MARC

LEADER 00000nam a2200000 4500
001 0148270
005 20240318124749.4
041 0 |a slo 
044 |a SK 
245 1 0 |a Nová európska stratégia a úloha regionálnych a mestských orgánov na zvyšovaní konkurencieschopnosti regiónov a miest  |b diplomová práca  |c Diana Totkovičová ; školiteľ: Miloslav Rosenberg 
264 1 |a Bratislava  |c 2011 
300 |a 91 s. 
100 1 |a Totkovičová, Diana 
700 1 |a Rosenberg, Miloslav 
710 2 |a Obchodná fakulta EU. Katedra medzinárodného obchodu